Statistics for Countries Two Borders Away From Germany

Click here to take the quiz!

General Stats

  • This quiz has been taken 33 times
    (32 since last reset)
  • The average score is 11 of 13

Answer Stats

Country% Correct
Hungary
97%
Lithuania
97%
Russia
97%
Slovenia
97%
Spain
97%
Belarus
94%
Italy
94%
Andorra
91%
Liechtenstein
91%
Slovakia
91%
Monaco
84%
Suriname
59%
Brazil
56%

Score Distribution

Percentile by Number Answered

Percent of People with Each Score

Your Score History

You have not taken this quiz since the last reset